000
00316nam a2200109Ia 4500
008
171211s9999 xx 000 0 und d
245
_a
Thai-Boxen, der Vollkontakt-Kampfsport aus Asien
245
_c
Zoran Rebac
260
_c
2000
650
_x
Martial Arts
856
_u
http://down.ebook777.com/055/9783878920519.pdf
999
_c
348229
_d
348229